Forms of Writing (Record no. 20753)
[ view plain ]
| 000 -LEADER | |
|---|---|
| fixed length control field | 00518nam a22001937a 4500 |
| 003 - CONTROL NUMBER IDENTIFIER | |
| control field | mut |
| 005 - DATE AND TIME OF LATEST TRANSACTION | |
| control field | 20240606081524.0 |
| 008 - FIXED-LENGTH DATA ELEMENTS--GENERAL INFORMATION | |
| fixed length control field | 211018b xxu||||| |||| 00| 0 eng d |
| 020 ## - INTERNATIONAL STANDARD BOOK NUMBER | |
| International Standard Book Number | 9780132068505 |
| 024 ## - OTHER STANDARD IDENTIFIER | |
| Source of number or code | 0132068508 |
| 040 ## - CATALOGING SOURCE | |
| Transcribing agency | MUT |
| 050 ## - LIBRARY OF CONGRESS CALL NUMBER | |
| Classification number | PE1408 .S76 |
| Item number | 2009 |
| 100 ## - MAIN ENTRY--PERSONAL NAME | |
| Personal name | Stewart, Kay L. |
| 245 ## - TITLE STATEMENT | |
| Title | Forms of Writing |
| Remainder of title | A Rhetoric, Handbook and Reader |
| 250 ## - EDITION STATEMENT | |
| Edition statement | 5th ed. |
| 260 ## - PUBLICATION, DISTRIBUTION, ETC. | |
| Place of publication, distribution, etc. | Toronto, |
| Name of publisher, distributor, etc. | Pearson, |
| Date of publication, distribution, etc. | 2009 |
| 700 ## - ADDED ENTRY--PERSONAL NAME | |
| Personal name | Allen Marian, Galliah Sherry |
| 942 ## - ADDED ENTRY ELEMENTS (KOHA) | |
| Source of classification or shelving scheme | Library of Congress Classification |
| Koha item type | Books |
| Withdrawn status | Lost status | Source of classification or shelving scheme | Damaged status | Not for loan | Home library | Current library | Shelving location | Date acquired | Source of acquisition | Total checkouts | Full call number | Barcode | Date last seen | Date last checked out | Price effective from | Koha item type |
|---|---|---|---|---|---|---|---|---|---|---|---|---|---|---|---|---|
| Library of Congress Classification | Murang'a University of Technology Library | Murang'a University of Technology Library | General stacks | 18/10/2021 | Donation-TFC | 2 | PE1408 .S76 2009 | 020989 | 30/08/2024 | 01/11/2021 | 18/10/2021 | Books |